| 000 | 01860nam a2200325 a 4500 | ||
|---|---|---|---|
| 001 | 43004 | ||
| 003 | BD-RjUL | ||
| 005 | 20211209053629.0 | ||
| 008 | 160618s1932 enk 001 0 eng | ||
| 035 | _a(BD-RjUL)43122 | ||
| 040 |
_aDLC _cDLC _dDLC _beng |
||
| 041 | _aeng | ||
| 082 |
_a940.5 _bCON 1932 |
||
| 245 | 1 | 0 |
_aConsolidated index to the Survey of international affairs : _b1920-1930, and supplementary volumes / |
| 260 |
_aLondon, _bOxford university press, H. Milford, _c1932. |
||
| 300 |
_a214 p., ; _c25 cm. |
||
| 500 | _a"Issued under the auspices of the Royal institute of international affairs." | ||
| 500 | _a"A comprehensive index to the material contained in the Survey of international affairs series, from the Survey for 1920-3 up to and including the Survey for 1930; in Documents on international affairs for the years 1928, 1929 and 1930; and in the following supplementary volumes---The world after the Peace conference, and The conduct of British empire foreign relations since the peace settlement [both by A. J. Toynbee]"---Prefatory note. | ||
| 500 | _aCompiled by Miss V. M. Boulter and Miss M. Franklin. cf. Prefatory note. | ||
| 650 |
_aWorld War _y1939-1945. _9132055 |
||
| 650 |
_aWorld politics _y1933-1945. _9132056 |
||
| 700 | 1 |
_aToynbee, Arnold, _d1889-1975. _tWorld after the Peace conference. (Indexes) [from old catalog] _9132057 |
|
| 700 | 1 |
_aToynbee, Arnold, _d1889-1975. _tConduct of British empire foreign relations since the peace settlement. (Indexes) [from old catalog] _9132058 |
|
| 700 | 1 |
_aBoulter, V. M. [from old catalog] _9132059 |
|
| 700 | 1 |
_aFranklin, M. [from old catalog] _9132060 |
|
| 710 | 2 |
_aRoyal Institute of International Affairs. _9132061 |
|
| 730 | 0 |
_aDocuments on international affairs. (Indexes) [from old catalog] _9132062 |
|
| 942 |
_2ddc _cBK |
||
| 999 |
_c43004 _d43004 |
||